000
00297nam a22001337a 4500
008
181022b xxu||||| |||| 00| 0 eng d
020
_a
9780324006759
041
_a
eng
080
_2
2 ed
_a
330
100
_a
59
101
_a
BUS
245
_a
Introduction Business
_c
Madura.J
942
_2
udc
_c
BK
999
_c
50459
_d
50459